000 00250nam a2200097Ia 4500
001 729358
005 20250826163526.0
008 250824s9999 xx 000 0 und d
245 0 _aVADİDEKİ ZAMBAK
_cTOLGA SAĞLAM
260 _bANTİK DÜNYA KLASİKLERİ
999 _c729358
_d729358